<?xml version="1.0" encoding="UTF-8"?>
<collection xmlns="http://www.loc.gov/MARC21/slim">
 <record>
  <leader>01939nam a2200229Ia 4500</leader>
  <controlfield tag="001">CTU_235655</controlfield>
  <controlfield tag="008">210402s9999    xx            000 0 und d</controlfield>
  <datafield tag="082" ind1=" " ind2=" ">
   <subfield code="a">658.56</subfield>
  </datafield>
  <datafield tag="082" ind1=" " ind2=" ">
   <subfield code="b">Ph506</subfield>
  </datafield>
  <datafield tag="088" ind1=" " ind2=" ">
   <subfield code="a">60310101</subfield>
  </datafield>
  <datafield tag="100" ind1=" " ind2=" ">
   <subfield code="a">Dương, Vĩnh Phúc</subfield>
  </datafield>
  <datafield tag="245" ind1=" " ind2="0">
   <subfield code="a">Phân tích hiệu quả sản xuất tôm thẻ chân trắng của nông hộ ở tỉnh Bến Tre :</subfield>
  </datafield>
  <datafield tag="245" ind1=" " ind2="0">
   <subfield code="b">Luận văn thạc sĩ ngành. Kinh tế học</subfield>
  </datafield>
  <datafield tag="245" ind1=" " ind2="0">
   <subfield code="c">Dương Vĩnh Phúc ; Quan Minh Nhựt (Cán bộ hướng dẫn)</subfield>
  </datafield>
  <datafield tag="260" ind1=" " ind2=" ">
   <subfield code="a">Cần Thơ</subfield>
  </datafield>
  <datafield tag="260" ind1=" " ind2=" ">
   <subfield code="b">Trường đại học Cần Thơ</subfield>
  </datafield>
  <datafield tag="260" ind1=" " ind2=" ">
   <subfield code="c">2020</subfield>
  </datafield>
  <datafield tag="520" ind1=" " ind2=" ">
   <subfield code="a">Mục tiêu của nghiên cứu là phân tích hiệu quả kỹ thuật, hiệu quả quy mô, các yếu tố ảnh hưởng đến hiệu quả kỹ thuật của nông hộ nuôi tôm thẻ chân trắng trên địa bàn tỉnh Bến Tre bằng phương pháp Phân tích màng bao dữ liệu – DEA và mô hình hồi quy Tobit. Dữ liệu được thu thập thông qua phỏng vấn trực tiếp 150 hộ nuôi tôm thẻ chân trắng tại ba huyện Ba Tri, Bình Đại, Thạnh Phú tỉnh Cà Mau thông qua bảng câu hỏi soạn sẵn. Kết quả khảo sát cho thấy, các nông hộ nuôi tôm thẻ chân trắng ở tỉnh Bến Tre đạt hiệu quả kỹ thuật trung bình là 73.16% và hiệu quả quy mô khá cao với 94,48%. Tuy nhiên, diện tích nuôi trồng còn nhỏ lẽ, nhiều nông hộ chưa tiếp cận được tín dụng và không tham gia hợp tác xã tại địa phương.</subfield>
  </datafield>
  <datafield tag="650" ind1=" " ind2=" ">
   <subfield code="a">Nuôi tôm,Shrimp culture</subfield>
  </datafield>
  <datafield tag="650" ind1=" " ind2=" ">
   <subfield code="x">Khía cạnh kinh tế,Economic aspects</subfield>
  </datafield>
  <datafield tag="910" ind1=" " ind2=" ">
   <subfield code="c">tvtrong</subfield>
  </datafield>
  <datafield tag="980" ind1=" " ind2=" ">
   <subfield code="a">Trung tâm Học liệu Trường Đại học Cần Thơ</subfield>
  </datafield>
 </record>
</collection>
